书目信息 |
| 题名: |
园艺植物离体培养学
|
|
| 作者: | 陈振光 | |
| 分册: | ||
| 出版信息: | 北京 中国农业出版社 1996 |
|
| 页数: | 207 | |
| 开本: | 26cm | |
| 丛书名: | ||
| 单 册: | ||
| 中图分类: | S604 | |
| 科图分类: | ||
| 主题词: | 园艺 | |
| 电子资源: | ||
| ISBN: | 7-109-04267-7 | |
| 000 | 00510nam0 2200181 450 | |
| 001 | 0741144344 | |
| 005 | 20070817112544.34 | |
| 010 | @a7-109-04267-7@d¥17.00 | |
| 100 | @a20070817d km y0chiy0120 ea | |
| 101 | 0 | @achi |
| 200 | 1 | @a园艺植物离体培养学@Ayuan yi zhi wu li ti pei yang xue@f陈振光@Fchen zhen guang |
| 210 | @a北京@c中国农业出版社@d1996 | |
| 215 | @a207@d26cm | |
| 606 | 0 | @a园艺 |
| 690 | @aS604@v3 | |
| 701 | 0 | @a陈振光@Achen zhen guang |
| 801 | 0 | @aCN@bPFT@c20070817 |
| 905 | @a213230@dS604@en1@f1 | |
| 园艺植物离体培养学/陈振光.-北京:中国农业出版社,1996 |
| 207;26cm |
| ISBN 7-109-04267-7:¥17.00 |
| ● |
| 相关链接 |
|
|
|
|
正题名:园艺植物离体培养学
索取号:S604/n1
 
预约/预借
| 序号 | 登录号 | 条形码 | 馆藏地/架位号 | 状态 | 备注 |
| 1 | 6601150 | 266011503 | 密集书库-生命科学系/ [索取号:S604/n1] | 在馆 |